| 000 | 01492cam a2200301 i 4500 | ||
|---|---|---|---|
| 003 | SA-RiAUC | ||
| 005 | 20251001130130.0 | ||
| 008 | 250710s1997 su o g 00000dara c | ||
| 040 |
_aSA-AhKFU _bara _cSA-RiAUC _erda |
||
| 043 | _aa-su--- | ||
| 082 | 0 | 4 | _a953.105 |
| 090 |
_a953.105 _bا ب ن س |
||
| 100 | 1 |
_aابن سعود، عبد العزيز بن عبد الرحمن بن فيصل، _cملك السعودية، _d1293-1373 هجري _eمؤلف. |
|
| 245 | 1 | 2 |
_aالمصحف والسيف : _bمجموعة من خطابات وكلمات وأحاديث ومذكرات المغفور له جلالة الملك عبد العزيز آل سعود مؤسس المملكة العربية السعودية / _cجمع وإعداد محيي الدين القابسي. |
| 250 | _aالطبعة الرابعة، مزيدة. | ||
| 264 | 1 |
_aالرياض : _bدار الصحراء السعودية، _c1997 |
|
| 300 |
_a340 صفحة : _bصور ؛ _c32 سم |
||
| 336 |
_aنص _btxt _2rdacontent _3كتاب |
||
| 337 |
_aبدون وسيط _bn _2rdamedia |
||
| 338 |
_aمجلد _bnc _2rdacarrier |
||
| 600 | 1 | 7 |
_aابن سعود، عبد العزيز بن عبد الرحمن بن فيصل، _cملك السعودية، _d1293-1373 هجري _2aucnm |
| 650 | 7 |
_aالخطب _2aucsh |
|
| 651 | 7 |
_aالسعودية _xتاريخ _2aucsh |
|
| 700 | 1 |
_aالقابسي، محيي الدين _eجامع. |
|
| 942 |
_2ddc _cBOOK _n0 |
||
| 949 |
_aSA-JeALM _d250710 _umohamedma123 _n1 |
||
| 999 |
_c12287 _d12287 |
||